| 000 | 01703nam a2200325Ia 4500 | ||
|---|---|---|---|
| 001 | dia_1658 | ||
| 003 | CHAP | ||
| 005 | 20251027144230.0 | ||
| 008 | 220117s1969 xx 000 0 und d | ||
| 010 | _a172206 | ||
| 040 | _cCHAP | ||
| 082 | _a631.3 G85 1969 | ||
| 110 |
_aMéxico. Secretaría de Agricultura y Ganadería, Instituto Nacional de Investigaciones Agrícolas _9151270 |
||
| 245 |
_aGuía para la asistencia técnica agrícola / _c Instituto Nacional de Investigaciones Agrícolas |
||
| 260 |
_aMéxico : _b Centro de Investigaciones Agrícolas del Bajío, _c1969 |
||
| 300 | _a7 v. | ||
| 505 | _av.Centro de Investigaciones Agrícolas del Noroeste (CIANO) \ v.2. Centro de Investigaciones Agrícolas del Noereste (CIANE) \ v.3. Centro de Investigaciones Agrícolas del Bajío (CIAB) \ v.4. Centro de Investigaciones Agrícolas del Sureste (CIASE) \ v.5. Centro de Investigaciones Agrícolas de la Península de Yucatán (CIAPY) \ v.6. Centro de Investigaciones Agrícolas de Sinaloa (CIAS) \ v.7. Centro de Investigaciones Básicas (CIB) | ||
| 590 | _aS451.M4 G85 1969 | ||
| 650 |
_aAgricultura _xInvestigación _xMéxico _91643 |
||
| 650 |
_aAgricultural assistance _xMexico _9151271 |
||
| 650 | 0 |
_aAgricultural education _zMexico _9150107 |
|
| 650 |
_aAgriculture _xResearch _xMexico _9151272 |
||
| 650 |
_aAsistencia agrícola _xMéxico _9151273 |
||
| 650 |
_aEducación agrícola _xMéxico _9137279 |
||
| 710 |
_aSecretaría de Agricultura y Ganadería, Instituto Nacional de Investigaciones Agrícolas. (México) _9151274 |
||
| 901 | _a631.3 G85 1969 | ||
| 902 | _aM | ||
| 905 | _a5232271969 mx bdn 8225223322spa16 | ||
| 942 |
_cLIBRO _2ddc |
||
| 999 |
_c172206 _d172206 |
||